Catálogo público

Publicaciones sobre mejoramiento genético animal en México en revistas científicas de otros países / (Record no. 168965)

MARC details
000 -CABECERA
campo de control de longitud fija 01222nam a2200325Ia 4500
001 - NÚMERO DE CONTROL
campo de control Z_6934
003 - IDENTIFICADOR DEL NÚMERO DE CONTROL
campo de control CHAP
005 - FECHA Y HORA DE LA ÚLTIMA TRANSACCIÓN
campo de control 20230227151544.0
008 - DATOS DE LONGITUD FIJA--INFORMACIÓN GENERAL
campo de control de longitud fija 220113s2016 xx 000 0 und d
010 ## - NÚMERO DE CONTROL DE LA BIBLIOTECA DEL CONGRESO
Número de control de LC 168965
040 ## - FUENTE DE LA CATALOGACIÓN
Centro/agencia transcriptor CHAP
090 ## - LOCALMENTE ASIGNADO TIPO-LC NÚMERO DE CLASIFICACIÓN (OCLC); NÚMERO DE CLASIFICACIÓN LOCAL (RLIN)
Número de clasificación (OCLC) (R) ; Numero de clasificación, CALL (RLIN) (NR) Tesis L677 2538
100 ## - ENTRADA PRINCIPAL--NOMBRE DE PERSONA
Nombre de persona López Villalobos, José Alfredo
9 (RLIN) 132097
245 ## - MENCIÓN DE TÍTULO
Título Publicaciones sobre mejoramiento genético animal en México en revistas científicas de otros países /
Mención de responsabilidad, etc. José Alfredo López Villalobos
260 ## - PUBLICACIÓN, DISTRIBUCIÓN, ETC.
Lugar de publicación, distribución, etc. México :
Nombre del editor, distribuidor, etc. El autor,
Fecha de publicación, distribución, etc. 2016
300 ## - DESCRIPCIÓN FÍSICA
Extensión 38 p.
502 ## - NOTA DE TESIS
Nota de tesis Tesis (Ingeniero Agrónomo Especialista en Zootecnia) -- UACh, 2016 \ Dirección: Rodolfo Ramírez Valverde; asesoría: Rufino López Ordaz y José Guadalupe García Muñiz
650 ## - PUNTO DE ACCESO ADICIONAL DE MATERIA--TÉRMINO DE MATERIA
Término de materia o nombre geográfico como elemento de entrada Artículo científico
9 (RLIN) 143288
650 ## - PUNTO DE ACCESO ADICIONAL DE MATERIA--TÉRMINO DE MATERIA
Término de materia o nombre geográfico como elemento de entrada Ciencia animal
9 (RLIN) 143289
650 ## - PUNTO DE ACCESO ADICIONAL DE MATERIA--TÉRMINO DE MATERIA
Término de materia o nombre geográfico como elemento de entrada Investigación en México
9 (RLIN) 143290
700 ## - PUNTO DE ACCESO ADICIONAL--NOMBRE DE PERSONA
Nombre de persona García Muñiz, José Guadalupe, asesor
9 (RLIN) 143266
700 ## - PUNTO DE ACCESO ADICIONAL--NOMBRE DE PERSONA
Nombre de persona López Ordaz, Rufino, asesor
9 (RLIN) 143291
700 ## - PUNTO DE ACCESO ADICIONAL--NOMBRE DE PERSONA
Nombre de persona Ramírez Valverde, Rodolfo, director
9 (RLIN) 143292
856 42 - LOCALIZACIÓN Y ACCESO ELECTRÓNICOS
Identificador Uniforme del Recurso <a href="http://10.13.5.2/tesis/sist113149.pdf">http://10.13.5.2/tesis/sist113149.pdf</a>
Texto de enlace Descargar PDF
901 ## - ELEMENTOS DE DATOS A LOCAL LDA (RLIN)
a TESIS L677 2538
902 ## - ELEMENTOS DE DATOS B LOCAL, LDB (RLIN)
a M
910 ## - DATOS DE OPCIÓN DEL USUARIO (OCLC)
Datos de opción del usuario 2016
942 ## - ELEMENTOS DE PUNTO DE ACCESO ADICIONAL (KOHA)
Tipo de ítem Koha Tesis_
Fuente del sistema de clasificación o colocación Dewey Decimal Classification
942 ## - ELEMENTOS DE PUNTO DE ACCESO ADICIONAL (KOHA)
Tipo de ítem Koha Tesis_
Fuente del sistema de clasificación o colocación Dewey Decimal Classification
Holdings
Estado de retiro Estado de pérdida Fuente del sistema de clasificación o colocación Estado dañado No para préstamo Código de colección Localización permanente Ubicación/localización actual Fecha de adquisición Fuente de adquisición Total de préstamos Signatura topográfica completa Código de barras Fecha visto por última vez Número de copia Precio válido a partir de Tipo de ítem Koha Restricciones de uso
    Clasificación Universidad Autónoma de Chapingo   Excluido de préstamo Tesis Zootecnia Zootecnia 18/04/2018 El autor   Tesis L677 2538 z_T 4748 18/01/2022 1 18/01/2022 CD  
    Clasificación Universidad Autónoma de Chapingo   Excluido de préstamo Tesis Zootecnia Zootecnia 18/04/2018 El autor   Tesis L677 2538 z_T 4749 18/01/2022 2 18/01/2022 CD  
    Clasificación Universidad Autónoma de Chapingo     Tesis Zootecnia Zootecnia 18/04/2018 El autor   Tesis L677 2538 z_T 4750 18/01/2022 3 18/01/2022 Tesis Préstamo 5 días